00519 2200205 4500001002100000005001500021008004100036020001800077035001900095041000700114082001000121090001600131100001900147245002900166250001000195260004700205300002600252650001600278990001900294INLIS00000000001606720241224115044241224||||||||| | ||| |||| || |  a979-668-808-5 0010-1224016067 aid0 a741.3 a741.3 ZEN a0 aZENI S.NUGROHO00aawan hitam di atas kemah aCet.1 aSolobTiga Serangkai Pustaka Mandiric2005 a24 hlm,; 18 cm x24 cm 0aCerita Anak a05.17.01.09.04